| 000 | 00549nam a2200157 a 4500 | ||
|---|---|---|---|
| 008 | 120416s1962 ||||||||||||||||| || u | ||
| 050 | _aHB 171 Rob | ||
| 100 | _aRobinson, Joan | ||
| 245 | 1 | 0 | _aEssays in the theory of economic growth |
| 260 |
_aLondon: _bMacmillan _c1962 |
||
| 300 | _ax, 137p. : ill. | ||
| 350 | _a0.00 | ||
| 650 | 0 | _aECONOMICS | |
| 650 | _aECONOMIC THEORY | ||
| 995 |
_D0.00 _FCBU-MAIN LIBRARY (Kitwe) _H1 _I0.00 _M1 _UAVAILABLE _WMay 11, 2007 _ZMain Library Open Access Collection |
||
| 999 |
_c42362 _d42362 |
||